Programa de electricidad industrial / redactado por el profesor D. Ramón Jardí Borrás
Publicado:
Barcelona :
Escuela de Peritos Industriales de Barcelona (Imp. Casa de Caritat), [s.a ,
1946
Descripción Física:
20 p. ; 17 cm
MARC
| LEADER | 00000nam a2200000Ia 4500 | ||
|---|---|---|---|
| 001 | 11808 | ||
| 008 | 160829s1946?] xx 000 0 cat d | ||
| 080 | |a FU-3-30 | ||
| 100 | |a Jardí i Borràs, Ramon |9 24665 | ||
| 245 | |a Programa de electricidad industrial / redactado por el profesor D. Ramón Jardí Borrás | ||
| 260 | |a Barcelona : |b Escuela de Peritos Industriales de Barcelona (Imp. Casa de Caritat), [s.a., |c 1946?] | ||
| 300 | |a 20 p. ; |c 17 cm | ||
| 590 | |a A peu de portada: Curso 1945 - 46 | ||
| 610 | 2 | 0 | |a Escola de Pèrits Industrials de Barcelona |x Currículums |9 55107 |
| 650 | |a Electricitat |x Ensenyament |x Currículums |9 24667 | ||
| 710 | 2 | |a Escola de Pèrits Industrials de Barcelona |9 55106 | |
| 856 | 4 | |u https://media.diba.cat/diba/fitxers/arxiu/fulletons/bib_11808_1945_1946_baixa.pdf |y Accés lliure | |
| 856 | 4 | |u https://media.diba.cat/diba/fitxers/arxiu/fulletons/bib_11808_1945_1946_baixa.pdf |y Accés lliure | |
| 901 | |a Arxiu | ||
| 942 | |n 1 |2 udc | ||
| 952 | |0 0 |1 0 |4 0 |6 FU330 |7 1 |9 43253 |a Arxiu |b Arxiu |d 2016-12-01 |l 0 |o FU-3-30 |p 11808 |r 2016-12-01 00:00:00 |w 2016-12-01 |y ARXIU | ||
| 999 | |c 45797 |d 45797 | ||
| 900 | |a bib_11808_1945_1946_baixa.pdf | ||